00692nam a2200217 a 4500001001300000003000900013005001700022008004100039020001000080082001900090245007100109260003400180300000900214500003500223650002100258710004100279902000800320942000700328952012200335999001700457nice12345678IN_TiNIC20260116015100.0070913s2003 cola grp 000 0 eng  ac10000a305.40954bSOU aReviving Democracyb The Emerging Role of Women in Decision Making aColombobSouth Asia Pubc2003 a260p aincludes index and biblioraphy aWomen-South Asia2 aSouth Asia Partnership International bSRS cBK 001040708StackRoom-aHMIbHMId2008-03-06g100.00l0o305.40954 SOUp11001970r2020-02-12v100.00w2007-09-13yBK c18242d18242